La ciudad ausente (Record no. 68884)

MARC details
000 -LEADER
campo de control de longitud fija 00759nam a2200229 i 4500
001 - NÚMERO DE CONTROL
campo de control 68884
003 - IDENTIFICADOR DE NÚMERO DE CONTROL
campo de control ES-MaACL
005 - FECHA Y HORA DE LA ÚLTIMA TRANSACCIÓN
campo de control 20250809050552.0
007 - CAMPO FIJO DE DESCRIPCIÓN FÍSICA--INFORMACIÓN GENERAL
campo de control de longitud fija t|
008 - DATOS DE LONGITUD FIJA--INFORMACIÓN GENERAL
campo de control de longitud fija 040721s2000 sp ||||1| spa d
020 ## - NÚMERO INTERNACIONAL ESTÁNDAR DEL LIBRO
Número Internacional Estándar del Libro 84-460-1452-1
080 ## - NÚMERO DE LA CLASIFICACIÓN DECIMAL UNIVERSAL
Número de la Clasificación Decimal Universal 167.5(4)
100 1# - ENTRADA PRINCIPAL--NOMBRE DE PERSONA
Nombre de persona Blanco, Rogelio.
9 (RLIN) 29204
245 13 - MENCIÓN DEL TÍTULO
Título La ciudad ausente
Resto del título : utopía y utopismo en el pensamiento occidental /
Mención de responsabilidad, etc. Rogelio Blanco Martínez.
260 ## - PUBLICACIÓN, DISTRIBUCIÓN, ETC.
Lugar de publicación, distribución, etc. Tres Cantos (Madrid) :
Nombre del editor, distribuidor, etc. Akal,
Fecha de publicación, distribución, etc. [2000]
300 ## - DESCRIPCIÓN FÍSICA
Extensión 245 p. ;
Dimensiones 22 cm.
490 1# - MENCIÓN DE SERIE
Mención de serie Akal universitaria ;
Designación de volumen o secuencia 213.
Mención de serie Serie interdisciplinar
650 14 - PUNTO DE ACCESO ADICIONAL DE MATERIA--TÉRMINO DE MATERIA
Término de materia o nombre geográfico como elemento de entrada Utopías-
Subdivisión geográfica Europa.
9 (RLIN) 17723
830 00 - PUNTO DE ACCESO ADICIONAL DE SERIE-TÍTULO UNIFORME
Título uniforme Akal universitaria.
Nombre de parte o sección de la obra Interdisciplinar
Designación de volumen o secuencia 213.
9 (RLIN) 183236
852 ## - LOCALIZACIÓN
Ubicación ES-MaACL
Número de control de estantería L-28101
Sublocalización o colección R.134115
Holdings
Estatus retirado Estado de pérdida Estado de daño No para préstamo Biblioteca de origen Biblioteca actual Ubicación en estantería Fecha de adquisición Fuente de adquisición Total de préstamos Signatura topográfica completa Código de barras Visto por última vez Precio de reemplazo Tipo de ítem Koha
        Biblioteca del Ateneo de Madrid Biblioteca del Ateneo de Madrid Depósito 2 17/01/2008     L-28101 1072132 23/02/2023 23/02/2023 Libro impreso